000 00858nam a22002897a 4500
001 4734
003 FISKH
005 20260319094217.0
008 240926b cb ||||| |||| 00| 0 eng d
020 _a9780545931465
040 _aFISKH
_beng
_cFISKH
_dFISKH
050 _aQM27.P38
082 _a612
100 _aPeacock, L.A.
_eauthor
245 _aThe Truth (and Myths) About the Human Body /
_cby L.A. Peacock : illustrated by Nick Wigsby
250 _aFirst edition 2016
260 _aNew York :
_bScholastic ;
_c2016 .
300 _a96 pages :
_billustrations ;
_c21 cm .
505 _aR
520 _aThis book is talking about the human body .
521 8 _a710
_bLexile
521 8 _aR
_bRaz-Plus
650 _ahuman body
_vNon-fiction
700 _aWigsby, Nick
_eillustrator
942 _2ddc
_cBK
_n0
999 _c4734
_d4734